Wypisz wszystkich sąsiadów następujących krajów #6 - Statystyki

Ogólne statystyki
  • Ten quiz został rozwiązany 3 561 razy
  • Średni wynik to 23 z 34
Statystyki odpowiedzi
Kraj % Poprawnych
Kanada
86%
Portugalia
83%
Stany Zjednoczone
83%
Watykan
82%
Włochy
82%
Włochy
82%
San Marino
81%
Hiszpania
80%
Irlandia
80%
Irlandia
80%
Wielka Brytania
79%
Wielka Brytania
79%
Korea Południowa
78%
Korea Północna
76%
Republika Południowej Afryki
76%
Dania
70%
Indonezja
70%
Indonezja
70%
Lesotho
70%
Niemcy
67%
Monako
64%
Francja
63%
Papua Nowa Gwinea
59%
Dominikana
58%
Dominikana
58%
Malezja
58%
Haiti
57%
Haiti
57%
Arabia Saudyjska
53%
Katar
53%
Timor Wschodni
49%
Brunei
46%
Senegal
39%
Gambia
36%
Nie znaleziono quizów pasujących do podanych kryteriów
Rozkład punktacji
Procent ludzi z każdym wynikiem
Percentyl według liczby udzielonych odpowiedzi
Twoja historia wyników
Nie rozwiązałeś tego quizu